000 00902nam a22002177a 4500
001 EIF-II-1995-M2-015
003 OSt
005 20230104130643.0
008 230104b |||||||| |||| 00| 0 eng d
040 _aFundación Jesús Pereda
_cFundación Jesús Pereda
041 _aCastellano
100 _aOrtiz Heras, Manuel
_923
111 _aEncuentro de Investigadores del Franquismo
_c(Alicante.
_d1995.
_n2º)
_992
245 _aEl liderazgo de los gobiernos civiles como institución básica de la Administración provincial
_c/Manuel Ortiz Heras
650 0 _aInstituciones franquistas
_91183
650 0 _aGobierno civil
_9332
651 0 _9324
_aCastilla-La Mancha
_zAlbacete
773 _tActas del II Encuentro de Investigadores del Franquismo. Tomo 1
_g181-188 p.
856 _uhttps://bibliotecaccoocyl.fundacionjesuspereda.es/cgi-bin/koha/opac-retrieve-file.pl?id=c062e183ef58bd14becb45b55b9044e6
942 _2ddc
_cCF
_n0
999 _c778
_d778